000 00790cam a2200265 4500
001 L135884
008 000000n2006 000 0 eng u
020 _a0421929707
022 _a9780421929708
035 _a(Sirsi) u135884
041 0 _aeng
050 0 4 _a340.03 $2 18
100 1 _aGreenberg, Daniel
245 0 0 _aStroud's judicial dictionary of words and phrases.
250 _a7th ed.
260 _aLondon
_bSweet & Maxwell
_c2006
300 _a3 vol. ; 25cm.
350 _a495
520 _aA good source of commonwealth cases. Provides a tool for legal practitioners of all kinds and for members of related professions.
520 _aSupersedes 6th edition (ISBN: 0421707208).
650 _aDEFINITIONS
650 _aDICTIONARIES
690 _aLAW
942 _n0
999 _c106220
_d106220